Theological Educators and their Concerns about Technology
Based on results from interviews with theological educators at forty-five seminaries in North America, the author begins by listing twenty-six concerns expressed about technology in theological education, particularly the concerns about electronically mediated distance education. These concerns are...
| Main Author: | |
|---|---|
| Format: | Electronic Article |
| Language: | English |
| Check availability: | HBZ Gateway |
| Interlibrary Loan: | Interlibrary Loan for the Fachinformationsdienste (Specialized Information Services in Germany) |
| Published: |
2005
|
| In: |
Teaching theology and religion
Year: 2005, Volume: 8, Issue: 3, Pages: 131-143 |
| Online Access: |
Volltext (lizenzpflichtig) Volltext (lizenzpflichtig) |
MARC
| LEADER | 00000caa a22000002c 4500 | ||
|---|---|---|---|
| 001 | 1937232522 | ||
| 003 | DE-627 | ||
| 005 | 20251221054934.0 | ||
| 007 | cr uuu---uuuuu | ||
| 008 | 250930s2005 xx |||||o 00| ||eng c | ||
| 024 | 7 | |a 10.1111/j.1467-9647.2005.00237.x |2 doi | |
| 035 | |a (DE-627)1937232522 | ||
| 035 | |a (DE-599)KXP1937232522 | ||
| 040 | |a DE-627 |b ger |c DE-627 |e rda | ||
| 041 | |a eng | ||
| 084 | |a 1 |2 ssgn | ||
| 100 | 1 | |e VerfasserIn |0 (DE-588)1137515694 |0 (DE-627)894747096 |0 (DE-576)186947208 |4 aut |a Delamarter, Steve | |
| 109 | |a Delamarter, Steve | ||
| 245 | 1 | 0 | |a Theological Educators and their Concerns about Technology |
| 264 | 1 | |c 2005 | |
| 336 | |a Text |b txt |2 rdacontent | ||
| 337 | |a Computermedien |b c |2 rdamedia | ||
| 338 | |a Online-Ressource |b cr |2 rdacarrier | ||
| 520 | |a Based on results from interviews with theological educators at forty-five seminaries in North America, the author begins by listing twenty-six concerns expressed about technology in theological education, particularly the concerns about electronically mediated distance education. These concerns are categorized loosely under three headings: Practical and Personal Concerns, Pedagogical and Educational Concerns, and Philosophical and Theological Concerns. More important than the list is the sociology of decision-making surrounding technology among theological educators. In the final section of the article entitled, “how concerns about technology function within institutions,” the author discusses how it is that these concerns are allowed to function in very different ways across the spectrum of theological education today. | ||
| 601 | |a Theologe | ||
| 601 | |a Technologie | ||
| 773 | 0 | 8 | |i Enthalten in |t Teaching theology and religion |d Oxford : Wiley-Blackwell, 1998 |g 8(2005), 3, Seite 131-143 |h Online-Ressource |w (DE-627)320636356 |w (DE-600)2024563-4 |w (DE-576)098253379 |x 1467-9647 |7 nnas |
| 773 | 1 | 8 | |g volume:8 |g year:2005 |g number:3 |g pages:131-143 |
| 856 | 4 | 0 | |u https://doi.org/10.1111/j.1467-9647.2005.00237.x |x Resolving-System |z lizenzpflichtig |3 Volltext |7 1 |
| 856 | 4 | 0 | |u https://onlinelibrary.wiley.com/doi/abs/10.1111/j.1467-9647.2005.00237.x |x Verlag |z lizenzpflichtig |3 Volltext |7 1 |
| 935 | |a mteo | ||
| 951 | |a AR | ||
| ELC | |a 1 | ||
| ITA | |a 1 |t 1 | ||
| LOK | |0 000 xxxxxcx a22 zn 4500 | ||
| LOK | |0 001 4777578356 | ||
| LOK | |0 003 DE-627 | ||
| LOK | |0 004 1937232522 | ||
| LOK | |0 005 20250930055641 | ||
| LOK | |0 008 250930||||||||||||||||ger||||||| | ||
| LOK | |0 035 |a (DE-Tue135)IxTheo#2025-08-12#EEE677DADD492A8A558291090BE329AE6C9C52EA | ||
| LOK | |0 040 |a DE-Tue135 |c DE-627 |d DE-Tue135 | ||
| LOK | |0 092 |o n | ||
| LOK | |0 852 |a DE-Tue135 | ||
| LOK | |0 852 1 |9 00 | ||
| LOK | |0 935 |a ixrk |a ixzs |a zota | ||
| LOK | |0 939 |a 30-09-25 |b l01 | ||
| ORI | |a SA-MARC-ixtheoa001.raw | ||